Responses for show #21 - Monday, October 8, 1984

Contestants

Diane McCain, a student from Van Nuys, California

Kevin Conway, a computer marketing representative originally from Detroit, Michigan

Joel Davidman, an investment banker from Encino, California

Jeopardy! Round responses

THE '40S
BOATS
BALLET
"MARCH" ON
JAPAN
TV TRIVIA
    $100 18
the Empire State Building

Joel
    $100 13
gondolas

Diane
    $100 4
toe

Kevin
    $100 14
the ides of March

Joel
    $100 21
sushi

Joel
    $100 11
muppet

Joel
    $200 19
"As Time Goes By"

Diane
    $200 3
tug

Diane
    $200 6
"Swan Lake"

Diane
    $200 16
the March of Dimes

Diane
    $200 1
Harry O

Kevin
    $300 20
(Joel: Who was Geronimo?)
(Alex: We've got a minute left in this segment.)

Mahatma Gandhi

Joel
Triple Stumper
    $300 12
punt

Diane
    $300 7
George Balanchine

Diane
    $300 17
(Kevin: What is crazy as a March hare?)
(Alex: Be more specific.)

mad as a March hare

Kevin
Triple Stumper
    $300 15
Honda

Diane
    $300 2
derringer

Joel
    $400 24
[end-of-round signal sounds]

blitzkrieg

Kevin
    $400 8
choreography

Diane
    $400 22
(Kevin: What is....[time]?)

origami

KevinDiane
    $400 5
The Galloping Gourmet

Diane
    $500 9
the Royal Ballet

Triple Stumper
    $500 23
(Diane: What is monsoon?)
(Joel: What is the bullet train?)
(Kevin: What is a cyclone?)

tidal waves

JoelKevinDiane
Triple Stumper
    $500 10
(Joel: What was "Elsa the Lion?")

Daktari

JoelDiane

Scores at the first commercial break (after clue 9):

Joel Kevin Diane
$300 $300 $1,500

Scores at the end of the Jeopardy! Round:

Joel Kevin Diane
-$600 -$500 $3,000

Double Jeopardy! Round responses

COLONIAL AMERICA
DEMOCRATS
ANATOMY
MUSICAL NUMBERS
RELIGION
ANY QUESTIONS?
    $200 5
Harlem

Kevin
    $200 3
"9 to 5"

Kevin
    $400 4
(Joel: What is Pittsburgh?)
(Alex: London was the largest.)

Philadelphia

JoelKevin
    $400 1
John Glenn

Joel
    $400 14
(Alex: With less than a minute to go.)

"At Seventeen"

Diane
    $400 17
Orthodox

Diane
    $600 6
(Joel: What was Harlem?)

the Bowery

JoelKevin
    $600 2
Bella Abzug

Diane
    $600 9
the whites of their eyes

Joel
    $600 15
"One on One"

Kevin
    $600 11
Baptist

Joel
    $800 16
Germany

Kevin
    $800 7
West Virginia

Joel
    $800 10
(Joel: What is the blood rushing to your head?)
(Kevin: What is digestion?)

swallowing

JoelKevin
Triple Stumper
    $800 18
8

Kevin
    $1,000 12
(Joel: What are Eskimos?)

the 10 lost tribes of Israel

Joel
    $1000 19
[end-of-round signal sounds]

Georgia

Joel
    $1000 8
(Joel: Who was...[time]?)

Alan Cranston

Joel
Triple Stumper
    $1000 13
(Joel: What is Hinduism?)

Buddhism

JoelDiane

Scores at the end of the Double Jeopardy! Round:

Joel Kevin Diane
-$2,000 $2,300 $5,400
(lock game)

[wagering suggestions for these scores]

Final Jeopardy! Round responses

THE ARMED SERVICES
(Alex: Established in 1947.)
KevinWhat is the Air Force
$2,295
DianeWhat is the Air Force?
$400
United States Air Force

Final scores:

Joel Kevin Diane
-$2,000 $4,595 $5,800
3rd place: Char-Broil portable barbecue gas grill 2nd place: Mohawk carpet & Alsy-Cycle II table lamps New champion: $5,800

Game dynamics:

Coryat scores:

Joel Kevin Diane
-$1,000 $2,300 $5,400
10 R,
9 W
(including 1 DD)
10 R,
4 W
16 R,
1 W

Combined Coryat: $6,700

The J! Archive is created by fans, for fans. The Jeopardy! game show and all elements thereof, including but not limited to copyright and trademark thereto, are the property of Jeopardy Productions, Inc. and are protected under law. This website is not affiliated with, sponsored by, or operated by Jeopardy Productions, Inc. Join the discussion at JBoard.tv.